00637nam a2200193Ia 4500008004100000020001500041082001700056100002200073245005000095250000800145260004200153300003000195500001900225600003400244650001500278942000700293952012800300999001500428240925s9999 xx 000 0 und d a8178082969 a621.3822 ZEI aZiemer ,Rodger E. 0aSignals and Systems: continuous and discrete  a4th aSingapore:bPearson educationc,2004. axvi,1115p.bNAfPhotocopy aIncludes Index aTelecommunication Engineering aTechnology cBK 001040708ELaUITUbUITUd2005-06-23eStandard Booksg695.00l0o621.3822 ZEIpQ6201r2024-09-25 07:14:07w2024-09-25yBK c8700d8700